Nghiên cứu thị trường

KT159

Guardat en:
Dades bibliogràfiques
Autor principal: Nguyễn, Đình Thọ
Altres autors: Nguyễn, Thị Mai Trang
Format: Llibre
Idioma:Undetermined
Publicat: H. Lao động 2009
Matèries:
Accés en línia:http://lrc.tdmu.edu.vn/opac/search/detail.asp?aID=2&ID=4013
Etiquetes: Afegir etiqueta
Sense etiquetes, Sigues el primer a etiquetar aquest registre!
Thư viện lưu trữ: Trung tâm Học liệu Trường Đại học Thủ Dầu Một
LEADER 00716nam a2200217Ia 4500
001 TDMU_4013
008 210410s9999 xx 000 0 und d
082 |a 658.83 
090 |b NG527 
100 |a Nguyễn, Đình Thọ 
245 0 |a Nghiên cứu thị trường 
245 0 |c Nguyễn Đình Thọ, Nguyễn Thị Mai Trang 
260 |a H. 
260 |b Lao động 
260 |c 2009 
300 |a 322tr. 
520 |a KT159 
650 |a Nghiên cứu thị trường; Quản trị tiếp thị 
700 |a Nguyễn, Thị Mai Trang 
856 |u http://lrc.tdmu.edu.vn/opac/search/detail.asp?aID=2&ID=4013 
980 |a Trung tâm Học liệu Trường Đại học Thủ Dầu Một